000 00304nam a22001337a 4500
008 170809b xxu||||| |||| 00| 0 eng d
020 _a9780713135473
041 _aeng
080 _a004
100 _a35
101 _aSHK
245 _aCOMPUTER - BASED PLANNING SYSTEMS
_cHIGGINS,J,C
942 _2udc
_cBK
999 _c23020
_d23020